| 000 | 00640nam a22002057a 4500 | ||
|---|---|---|---|
| 003 | OSt | ||
| 005 | 20230830101331.0 | ||
| 008 | 221006b |||||||| |||| 00| 0 eng d | ||
| 040 | _cBiblioteca Lado V | ||
| 082 |
_a708 _bR788t |
||
| 100 |
_9988 _aRosado Sejio, Chemi _eautora |
||
| 245 | _aTapando Para ver/ | ||
| 260 |
_bTeoretica _c2002 _aCosta Rica |
||
| 300 |
_c17x17cm _a48p. |
||
| 366 | _espa | ||
| 650 |
_2Tesauro de Arte & Arquitectura _aARTE _9703 |
||
| 650 |
_2Tesauro de Arte & Arquitectura _aEXHIBICION _9702 |
||
| 650 |
_2Tesauro de Arte & Arquitectura _aEXPOSICION _9702 |
||
| 942 |
_2ddc _c1 _h708 _iR788t _n0 |
||
| 999 |
_c4234 _d4234 |
||